000 00532nam a2200181Ia 4500
008 151018s9999 xx 000 0 und d
082 _bRBASDV47340
_a891.463
100 _aबि बी चौगुले
245 _aसुगंधा
250 _b1
260 _bत्रिनेत्र प्रकाशन
_c2008
300 _a136
600 _aबि बी चौगुले
630 _aसुगंधा
700 _aबि बी चौगुले
730 _aसुगंधा
942 _cBOOK
999 _c1046476
_d1046473